| 000 | 00698nam a2200193Ia 4500 | ||
|---|---|---|---|
| 020 | _a1566761239 (pbk.) | ||
| 040 | _cTBZ | ||
| 082 | _a628 TEC 1994 A050 Or. | ||
| 245 | 1 | 0 |
_aChemical oxidation--technologies for the nineties : _bproceedings of the Second International Symposium, Chemical Oxidation : Technology for the Nineties, Vanderbilt University, Nashville, Tennessee, February 19-21, 1992 / |
| 260 |
_aLancaster, PA : _bTechnomic Pub. Co., _c1994 |
||
| 300 |
_avii, 441 p. : _bill. ; _c28 cm |
||
| 650 | 0 | _aSewage | |
| 650 | 0 | _aFactory and trade wastes | |
| 650 | 0 | _aGroundwater | |
| 700 | 1 | _aEckenfelder, W. Weley | |
| 700 | 1 | _aBowers, Alan R | |
| 700 | 1 | _aRoth, John A | |
| 942 | _cEK | ||
| 999 |
_c13965 _d13965 |
||